[Event "EU-ch 23rd"]
[Site "Vrnjacka Banja"]
[Date "2023.03.13"]
[Round "11"]
[White "Glienke, Manfred"]
[Black "Alexakis, Dimitrios"]
[Result "1/2-1/2"]
[WhiteElo "2201"]
[BlackElo "2024"]
[PlyCount "57"]
[EventDate "2023.03.03"]
[EventType "swiss"]
[EventRounds "11"]
[EventCountry "SRB"]
[SourceTitle "CBM 213"]
[Source "ChessBase"]
[SourceDate "2023.04.30"]
[SourceVersion "1"]
[SourceVersionDate "2023.04.30"]
[SourceQuality "1"]

1. d4 Nf6 2. Bf4 g6 3. Nf3 Bg7 4. e3 d6 5. h3 0-0 6. Be2 Nbd7 7. 0-0 c5 8. c4 b6 9. Nc3 Bb7 10. d5 a6 11. a4 Ne8 12. e4 Nc7 13. Qd2 Rb8 14. Bh6 Bc8 15. Bxg7 Kxg7 16. Nh2 Nf6 17. f4 Bd7 18. e5 Ng8 19. Ne4 b5 20. Ra3 bxc4 21. Bxc4 Rb4 22. b3 Bc8 23. Nf3 Bb7 24. Rd1 f6 25. Raa1 a5 26. Qc3 Ba6 27. exd6 exd6 28. Nfg5 Bxc4 29. bxc4 1/2-1/2

[Event "Oberliga Nord O 2122"]
[Site "Germany"]
[Date "2021.12.12"]
[Round "3.6"]
[White "Stopsack, Malte"]
[Black "Glienke, Manfred"]
[Result "0-1"]
[WhiteElo "2219"]
[BlackElo "2209"]
[PlyCount "54"]
[EventDate "2021.10.31"]
[EventType "team-tourn"]
[EventRounds "9"]
[EventCountry "GER"]
[SourceTitle "EXT 2023"]
[Source "ChessBase"]
[SourceDate "2022.10.05"]
[SourceVersion "1"]
[SourceVersionDate "2022.10.05"]
[SourceQuality "1"]
[WhiteTeam "Greifswald"]
[BlackTeam "Kreuzberg"]
[WhiteTeamCountry "GER"]
[BlackTeamCountry "GER"]

1. e4 c5 2. Nc3 Nc6 3. Bb5 e6 4. Bxc6 bxc6 5. d3 d5 6. Nge2 Nf6 7. f3 Ba6 8. 0-0 d4 9. Nb1 c4 10. b3 c3 11. Na3 Bc5 12. Qe1 Qa5 13. Nc4 Bxc4 14. bxc4 Qa4 15. Qg3 Qxc2 16. Nf4 g6 17. Qg5 Nd7 18. e5 h6 19. Qg3 g5 20. Nxe6 fxe6 21. Qh3 Qxd3 22. Qxe6+ Kd8 23. Qxc6 Rc8 24. Qd5 Qf5 25. Re1 Re8 26. g4 Qe6 27. Qb7 Qb6 0-1

[Event "Oberliga Nord O 2122"]
[Site "Germany"]
[Date "2021.11.21"]
[Round "2.2"]
[White "Glienke, Manfred"]
[Black "Klimkowski, Jan"]
[Result "0-1"]
[WhiteElo "2226"]
[BlackElo "2401"]
[PlyCount "99"]
[EventDate "2021.10.31"]
[EventType "team-tourn"]
[EventRounds "9"]
[EventCountry "GER"]
[SourceTitle "EXT 2023"]
[Source "ChessBase"]
[SourceDate "2022.10.05"]
[SourceVersion "1"]
[SourceVersionDate "2022.10.05"]
[SourceQuality "1"]
[WhiteTeam "Kreuzberg"]
[BlackTeam "Glueck Auf Ruedersdorf"]
[WhiteTeamCountry "GER"]
[BlackTeamCountry "GER"]

1. d4 Nf6 2. Nf3 e6 3. c4 d5 4. Nc3 dxc4 5. e3 a6 6. a4 b6 7. Bxc4 Bb7 8. 0-0 Bb4 9. Qe2 0-0 10. Rd1 Qe7 11. Ne5 Nbd7 12. Nxd7 Qxd7 13. f3 Qe7 14. e4 e5 15. d5 Nd7 16. Be3 Kh8 17. Rac1 Bd6 18. Kh1 g6 19. g4 Nc5 20. Rg1 Bc8 21. Rg2 Rg8 22. Rcg1 Nd7 23. b3 g5 24. Qd2 Nf8 25. Ne2 f6 26. Ng3 Ng6 27. Nh5 Bb7 28. Rb1 a5 29. Rgg1 Raf8 30. Rgf1 Bc8 31. Qe2 Nf4 32. Nxf4 gxf4 33. Bf2 h5 34. h3 hxg4 35. hxg4 f5 36. exf5 Bxf5 37. Kg2 Bxb1 38. Rxb1 Rxg4+ 39. Kf1 Rg6 40. Qe4 Rh6 41. Ke2 Qh7 42. Qxh7+ Rxh7 43. Rf1 Re8 44. Kd3 e4+ 45. fxe4 Rh3+ 46. Kc2 Rxe4 47. Bd3 Re7 48. Bd4+ Kg8 49. Bf5 Re2+ 50. Kd1 0-1

[Event "Arco op 41st"]
[Site "Arco"]
[Date "2019.10.11"]
[Round "8"]
[White "Glienke, Manfred"]
[Black "Sedina, Elena"]
[Result "0-1"]
[WhiteElo "2238"]
[BlackElo "2290"]
[PlyCount "70"]
[EventDate "2019.10.04"]
[EventType "swiss"]
[EventRounds "9"]
[EventCountry "ITA"]
[SourceTitle "EXT 2020"]
[Source "ChessBase"]
[SourceDate "2019.10.17"]
[SourceVersion "1"]
[SourceVersionDate "2019.10.17"]
[SourceQuality "1"]

1. Nf3 d5 2. c4 d4 3. g3 Nc6 4. Bg2 e5 5. d3 Nf6 6. 0-0 a5 7. e4 Nd7 8. Na3 Be7 9. Ne1 0-0 10. Nac2 Nc5 11. f4 exf4 12. gxf4 f5 13. e5 Kh8 14. b3 Ne6 15. Nf3 Nb4 16. Nce1 c5 17. a3 Nc6 18. Ra2 Bd7 19. Qe2 Be8 20. Qf2 Rb8 21. a4 h6 22. Kh1 g5 23. Rg1 g4 24. Nd2 Bh4 25. Qe2 Nb4 26. Rb2 Bxe1 27. Qxe1 Nxd3 28. Qg3 Nxb2 29. Bxb2 Bc6 30. Bd5 Bxd5+ 31. cxd5 Qxd5+ 32. Rg2 Kh7 33. Nc4 b5 34. axb5 Rxb5 35. Bc1 a4 0-1

[Event "Arco op 41st"]
[Site "Arco"]
[Date "2019.10.07"]
[Round "4"]
[White "Von Wantoch Rekowski, Markus"]
[Black "Glienke, Manfred"]
[Result "0-1"]
[WhiteElo "1972"]
[BlackElo "2238"]
[PlyCount "152"]
[EventDate "2019.10.04"]
[EventType "swiss"]
[EventRounds "9"]
[EventCountry "ITA"]
[SourceTitle "EXT 2020"]
[Source "ChessBase"]
[SourceDate "2019.10.17"]
[SourceVersion "1"]
[SourceVersionDate "2019.10.17"]
[SourceQuality "1"]

1. e4 Nf6 2. Nc3 d5 3. exd5 Nxd5 4. Bc4 e6 5. Qf3 Nf6 6. Nge2 Nc6 7. Bb5 Bd7 8. 0-0 a6 9. Ba4 b5 10. Bb3 Ne5 11. Qg3 Bd6 12. d4 Ng6 13. Qf3 0-0 14. Bg5 h6 15. Bxf6 Qxf6 16. Qxf6 gxf6 17. Ne4 Be7 18. f4 f5 19. Nc5 Bc6 20. c3 Rfd8 21. Rad1 Nh4 22. Rf2 a5 23. Nd3 a4 24. Bc2 a3 25. b3 Be4 26. Ng3 Bxd3 27. Rxd3 c5 28. Rfd2 cxd4 29. cxd4 Bb4 30. Rd1 Rac8 31. Bb1 Ng6 32. Ne2 Ne7 33. Rg3+ Kf8 34. Rh3 Kg7 35. Rg3+ Kf6 36. Rh3 Rh8 37. Rc1 Rxc1+ 38. Nxc1 Nd5 39. Ne2 Bd2 40. Bd3 b4 41. Rf3 Rc8 42. Bb1 Bc3 43. Kf2 Bb2 44. Rh3 Ke7 45. Rf3 Nf6 46. Ke1 Bxd4 47. Nxd4 Rc1+ 48. Ke2 Rxb1 49. Nc6+ Kf8 50. Nxb4 Rb2+ 51. Kf1 Ne4 52. Rh3 h5 53. Rxh5 Nd2+ 54. Kg1 Nxb3 55. axb3 Rxb3 56. Nc2 Rb1+ 57. Kf2 Rb2 58. Rh8+ Kg7 59. Ra8 Rxc2+ 60. Kf3 a2 61. Kg3 f6 62. Ra7+ Kg6 63. Ra8 e5 64. fxe5 fxe5 65. Ra6+ Kg5 66. Ra8 e4 67. h4+ Kf6 68. Ra6+ Ke5 69. Ra5+ Kd4 70. h5 Kc3 71. h6 Kb2 72. Rb5+ Kc1 73. Ra5 e3 74. h7 e2 75. Kf2 Kd1 76. h8Q e1Q+ 0-1

[Event "Arco op 41st"]
[Site "Arco"]
[Date "2019.10.06"]
[Round "3"]
[White "Glienke, Manfred"]
[Black "Konyves, Almos"]
[Result "1-0"]
[WhiteElo "2238"]
[BlackElo "2006"]
[PlyCount "85"]
[EventDate "2019.10.04"]
[EventType "swiss"]
[EventRounds "9"]
[EventCountry "ITA"]
[SourceTitle "EXT 2020"]
[Source "ChessBase"]
[SourceDate "2019.10.17"]
[SourceVersion "1"]
[SourceVersionDate "2019.10.17"]
[SourceQuality "1"]

1. d4 d5 2. c4 e6 3. Nc3 Nf6 4. Bg5 Be7 5. e3 h6 6. Bh4 0-0 7. Nf3 Nbd7 8. Rc1 c6 9. Bd3 dxc4 10. Bxc4 b5 11. Bd3 a6 12. a4 b4 13. Bxf6 gxf6 14. Ne4 f5 15. Ng3 c5 16. d5 Bb7 17. dxe6 fxe6 18. Bc4 Rf6 19. Nh5 Nf8 20. Nxf6+ Bxf6 21. Qxd8 Rxd8 22. b3 Kf7 23. Ke2 Nd7 24. Rhd1 Ke7 25. Rd3 Be4 26. Bxa6 Bxd3+ 27. Bxd3 Bc3 28. Bb5 Nf6 29. Rd1 Rxd1 30. Kxd1 Ne4 31. Ke2 Bf6 32. Nd2 Nxd2 33. Kxd2 Kd6 34. a5 Bd8 35. a6 Bb6 36. f4 Ba7 37. Kd3 Bb6 38. e4 Ke7 39. e5 Ba7 40. Bc4 Kf7 41. Ke2 Ke7 42. Kf3 h5 43. Kg3 1-0

[Event "BL2-Nord 1718"]
[Site "Germany"]
[Date "2018.02.04"]
[Round "6.8"]
[White "Szyszylo, Rafal"]
[Black "Glienke, Manfred"]
[Result "1/2-1/2"]
[WhiteElo "2225"]
[BlackElo "2266"]
[PlyCount "20"]
[EventDate "2017.10.08"]
[EventType "team-tourn"]
[EventRounds "9"]
[EventCountry "GER"]
[SourceTitle "CBM 183 Extra"]
[Source "ChessBase"]
[SourceDate "2018.04.19"]
[SourceVersion "1"]
[SourceVersionDate "2018.04.19"]
[SourceQuality "1"]
[WhiteTeam "Glueck Auf Ruedersdorf"]
[BlackTeam "Kreuzberg"]
[WhiteTeamCountry "GER"]
[BlackTeamCountry "GER"]

1. e4 d6 2. d4 Nf6 3. Nc3 e5 4. Nf3 exd4 5. Nxd4 Be7 6. Be2 0-0 7. 0-0 Re8 8. Re1 c6 9. a4 Bf8 10. Bf1 Nbd7 1/2-1/2

[Event "BL2-Nord 1718"]
[Site "Germany"]
[Date "2018.01.21"]
[Round "5.8"]
[White "Glienke, Manfred"]
[Black "Boe, Mads"]
[Result "1/2-1/2"]
[WhiteElo "2266"]
[BlackElo "2302"]
[PlyCount "87"]
[EventDate "2017.10.08"]
[EventType "team-tourn"]
[EventRounds "9"]
[EventCountry "GER"]
[SourceTitle "CBM 183 Extra"]
[Source "ChessBase"]
[SourceDate "2018.04.19"]
[SourceVersion "1"]
[SourceVersionDate "2018.04.19"]
[SourceQuality "1"]
[WhiteTeam "Kreuzberg"]
[BlackTeam "Kiel Turm"]
[WhiteTeamCountry "GER"]
[BlackTeamCountry "GER"]

1. c4 f5 2. Nc3 Nf6 3. d3 Nc6 4. g3 g6 5. Bg2 Bg7 6. Rb1 a5 7. a3 0-0 8. b4 axb4 9. axb4 Ne5 10. Bb2 e6 11. Qb3 d6 12. d4 Nf7 13. Nf3 e5 14. dxe5 dxe5 15. 0-0 c6 16. Na4 Re8 17. h4 h6 18. e3 Qc7 19. Rfe1 b6 20. Nc3 Be6 21. b5 c5 22. e4 Rad8 23. Nd5 Bxd5 24. exd5 e4 25. Nd2 Ne5 26. Bf1 Neg4 27. f4 exf3 28. Qxf3 Nh5 29. Bxg7 Qxg7 30. Nb3 Re5 31. Bh3 Rde8 32. Rxe5 Nxe5 33. Qc3 Nf6 34. Nd2 Ned7 35. Nf3 Re4 36. Re1 Qe7 37. Rxe4 Nxe4 38. Qe1 Ne5 39. Nxe5 Qxe5 40. g4 Qd4+ 41. Kh2 Qe5+ 42. Kg1 Qd4+ 43. Kh2 Qe5+ 44. Kg1 1/2-1/2

[Event "BL2-Nord 1718"]
[Site "Germany"]
[Date "2017.12.10"]
[Round "4.7"]
[White "Glienke, Manfred"]
[Black "Pajeken, Wolfgang"]
[Result "1/2-1/2"]
[WhiteElo "2266"]
[BlackElo "2216"]
[PlyCount "50"]
[EventDate "2017.10.08"]
[EventType "team-tourn"]
[EventRounds "9"]
[EventCountry "GER"]
[SourceTitle "CBM 183 Extra"]
[Source "ChessBase"]
[SourceDate "2018.04.19"]
[SourceVersion "1"]
[SourceVersionDate "2018.04.19"]
[SourceQuality "1"]
[WhiteTeam "Kreuzberg"]
[BlackTeam "St Pauli"]
[WhiteTeamCountry "GER"]
[BlackTeamCountry "GER"]

1. c4 c5 2. Nc3 Nc6 3. g3 g6 4. Bg2 Bg7 5. Nf3 Nh6 6. 0-0 Nf5 7. d3 b6 8. a3 Bb7 9. Rb1 0-0 10. Ne4 d6 11. b4 Qc7 12. e3 Ne5 13. Nxe5 Bxe5 14. Qb3 Rad8 15. Bb2 Bxb2 16. Rxb2 Ng7 17. f4 Ba8 18. Nc3 Bxg2 19. Rxg2 e6 20. g4 f5 21. h3 Qe7 22. g5 Nh5 23. Kh2 Rf7 24. Rd1 Qb7 25. Rf2 Qc6 1/2-1/2

[Event "BL2-Nord 1718"]
[Site "Germany"]
[Date "2017.11.12"]
[Round "3.8"]
[White "Glienke, Manfred"]
[Black "Mueller, Oliver"]
[Result "0-1"]
[WhiteElo "2266"]
[BlackElo "2247"]
[PlyCount "128"]
[EventDate "2017.10.08"]
[EventType "team-tourn"]
[EventRounds "9"]
[EventCountry "GER"]
[SourceTitle "CBM 183 Extra"]
[Source "ChessBase"]
[SourceDate "2018.04.19"]
[SourceVersion "1"]
[SourceVersionDate "2018.04.19"]
[SourceQuality "1"]
[WhiteTeam "Kreuzberg"]
[BlackTeam "Werder Bremen II"]
[WhiteTeamCountry "GER"]
[BlackTeamCountry "GER"]

1. d4 Nf6 2. Nf3 e6 3. e3 b6 4. Bd3 Bb7 5. Nbd2 d5 6. Ne5 Bd6 7. 0-0 0-0 8. Qe2 Nbd7 9. f4 Ne4 10. Nxe4 dxe4 11. Bb5 Nb8 12. Bc4 Qe7 13. Bd2 f6 14. Ng4 Kh8 15. a3 a6 16. Rad1 Nd7 17. Bc3 b5 18. Bb3 Nb6 19. Ba5 Bd5 20. Bxb6 cxb6 21. Rc1 Rfc8 22. Nf2 Rc7 23. Bxd5 exd5 24. Qh5 Qf7 25. Qh3 Rac8 26. c3 a5 27. Ra1 Qd7 28. Qh5 Bf8 29. Nd1 g6 30. Qe2 Qc6 31. f5 Rg7 32. Qf2 Bd6 33. Kh1 Rcg8 34. Qh4 Be7 35. Rc1 Qc4 36. Qf2 gxf5 37. Rg1 Rg5 38. Rc2 Qc7 39. g3 Bd6 40. Qe1 Qg7 41. Rgg2 Qg6 42. Kg1 f4 43. exf4 Bxf4 44. Qf1 Bd6 45. Rcf2 f5 46. Ne3 f4 47. gxf4 Rxg2+ 48. Rxg2 Qf7 49. Rxg8+ Qxg8+ 50. Ng2 b4 51. axb4 axb4 52. Qf2 Qg4 53. Qe3 b3 54. Kf2 Ba3 55. Qc1 Qf3+ 56. Kg1 Bxb2 57. Qxb2 Qd1+ 58. Ne1 Qxe1+ 59. Kg2 Qd1 60. Qa3 Qf3+ 61. Kg1 Qg4+ 62. Kf2 Qxf4+ 63. Kg1 e3 64. Qa8+ Kg7 0-1

[Event "GER-chT Seniors 26th"]
[Site "Templin"]
[Date "2017.09.28"]
[Round "4.3"]
[White "Glienke, Manfred"]
[Black "Herbrechtsmeier, Christof"]
[Result "0-1"]
[WhiteElo "2266"]
[BlackElo "2270"]
[PlyCount "96"]
[EventDate "2017.09.25"]
[EventType "team-swiss"]
[EventRounds "7"]
[EventCountry "GER"]
[SourceTitle "EXT 2019"]
[Source "ChessBase"]
[SourceDate "2018.10.10"]
[SourceVersion "1"]
[SourceVersionDate "2018.10.10"]
[SourceQuality "1"]
[WhiteTeam "Berlin"]
[BlackTeam "Baden"]
[WhiteTeamCountry "GER"]
[BlackTeamCountry "GER"]

1. Nf3 Nf6 2. d4 g6 3. Bf4 d6 4. h3 Bg7 5. e3 0-0 6. Be2 Nfd7 7. e4 e5 8. Be3 exd4 9. Bxd4 Ne5 10. Nxe5 dxe5 11. Be3 Qxd1+ 12. Bxd1 Be6 13. Be2 Nd7 14. Nd2 Rfd8 15. Bc4 Nf8 16. Bb3 a5 17. a4 Bxb3 18. Nxb3 Ne6 19. c3 Bf6 20. h4 h5 21. g3 Be7 22. Ke2 b6 23. Rhd1 f6 24. Rd5 Kf7 25. Rad1 Ke8 26. R1d2 c6 27. Rxd8+ Rxd8 28. Rxd8+ Bxd8 29. Nd2 Kd7 30. Kd3 c5 31. Nc4 Kc6 32. f4 exf4 33. gxf4 Bc7 34. f5 gxf5 35. exf5 Ng7 36. Ke4 Bg3 37. Bf4 Bxh4 38. Ne3 Ne8 39. Ng2 Bg5 40. Bxg5 fxg5 41. Ke5 Kd7 42. f6 Nd6 43. Ne3 h4 44. Ng4 h3 45. b3 Nf7+ 46. Kf5 Nh6+ 47. Nxh6 h2 48. f7 Ke7 0-1

[Event "Oberliga Nord O 1617"]
[Site "Germany"]
[Date "2017.02.19"]
[Round "6.7"]
[White "Glienke, Manfred"]
[Black "Dimitrijeski, Kristian"]
[Result "0-1"]
[WhiteElo "2277"]
[BlackElo "2197"]
[PlyCount "102"]
[EventDate "2016.10.16"]
[EventType "team-tourn"]
[EventRounds "9"]
[EventCountry "GER"]
[SourceTitle "EXT 2018"]
[Source "ChessBase"]
[SourceDate "2017.10.13"]
[SourceVersion "1"]
[SourceVersionDate "2017.10.13"]
[SourceQuality "1"]
[WhiteTeam "Kreuzberg"]
[BlackTeam "Koenig Tegel"]
[WhiteTeamCountry "GER"]
[BlackTeamCountry "GER"]

1. c4 c6 2. Nf3 d5 3. b3 Nf6 4. Bb2 Bf5 5. d3 e6 6. g3 Bd6 7. Bg2 0-0 8. 0-0 Qe7 9. Nc3 Ba3 10. Qc1 Bxb2 11. Qxb2 Nbd7 12. Nd2 Bg6 13. b4 a6 14. a4 Rab8 15. b5 a5 16. Rfc1 Rfc8 17. Rab1 d4 18. Nce4 Nxe4 19. Nxe4 c5 20. b6 Rc6 21. Qa3 Bxe4 22. Bxe4 Rxb6 23. Rxb6 Nxb6 24. Rb1 Nc8 25. Qb3 b6 26. Qb5 g6 27. Bf3 Na7 28. Qb3 Qc7 29. h4 h5 30. Rb2 Nc6 31. Bxc6 Qxc6 32. Qc2 e5 33. Rb5 f5 34. Qb2 Rb7 35. Qd2 Re7 36. Qg5 Re6 37. Qd8+ Kg7 38. f3 e4 39. dxe4 fxe4 40. f4 Qd6 41. Qxd6 Rxd6 42. Rb1 d3 43. e3 d2 44. Rd1 Kf6 45. Kf2 Kf5 46. Kf1 Kg4 47. Kg2 Rd7 48. Kf2 Rd3 49. Ke2 Kxg3 50. Rg1+ Kh2 51. Rd1 Kg2 0-1